00383 2200157 4500001002100000005001500021035002000036245003700056100002200093300002600115260002800141082000800169084001400177020002200191990001200213INLIS00000000000298720250918071647 a0010-09250003341 aPacar 7 Jam /cDevy Yuliastri K.0 aDevy Yuliastri K. a220 hlm ;c13 x 19 cm aJakarta :bZettu,c2014 a813 a813 DEV p a978-602-1298-15-2 a0755646